000 00387nam a2200181Ia 4500
008 151202s9999||||xx |||||||||||||| ||und||
082 _bPNVM-29432
100 _aDOYLE A.C.
245 _ahis last bow.
260 _b---
260 _c0
300 _a0
600 _aDOYLE A.C.
630 _ahis last bow.
700 _aDOYLE A.C.
730 _ahis last bow.
942 _cBOOK
999 _c1295400
_d1295397